| 000 | 00532pab a2200193 454500 | ||
|---|---|---|---|
| 008 | 180718b2008 xxu||||| |||| 00| 0 eng d | ||
| 100 | _aPerez, Antonia Ramirez | ||
| 245 | _aMayors and local governing coalitions in democratic countries: a cross-national comparison | ||
| 260 | _c2008 | ||
| 300 | _ap.147-78. | ||
| 362 | _aApr | ||
| 650 | _aMayors | ||
| 650 | _aLocal government | ||
| 700 | _aClark, Terry N. | ||
| 700 | _aYanez, Clemente J. Navarro | ||
| 773 | _aLocal Government Studies | ||
| 908 | _aN | ||
| 909 | _a78267 | ||
| 999 |
_c78267 _d78267 |
||